A las puertas de la Universidad (Record no. 105171)

MARC details
000 -LEADER
campo de control de longitud fija 00749nam a22002411 4500
001 - NÚMERO DE CONTROL
campo de control 105171
003 - IDENTIFICADOR DE NÚMERO DE CONTROL
campo de control ES-MaACL
005 - FECHA Y HORA DE LA ÚLTIMA TRANSACCIÓN
campo de control 20230906183813.0
007 - CAMPO FIJO DE DESCRIPCIÓN FÍSICA--INFORMACIÓN GENERAL
campo de control de longitud fija t|
008 - DATOS DE LONGITUD FIJA--INFORMACIÓN GENERAL
campo de control de longitud fija 060615s1958 sp ||||0| spa d
016 7# - NÚMERO DE CONTROL DE UNA AGENCIA BIBLIOGRÁFICA NACIONAL
Número de control cancelado/no válido IND9200523387
040 ## - FUENTE DE CATALOGACIÓN
Centro catalogador/agencia de origen M-BN
Lengua de catalogación spa
Centro/agencia transcriptor A2
080 ## - NÚMERO DE LA CLASIFICACIÓN DECIMAL UNIVERSAL
Número de la Clasificación Decimal Universal 378.4(46)
100 1# - ENTRADA PRINCIPAL--NOMBRE DE PERSONA
Nombre de persona López Medel, Jesús.
9 (RLIN) 73768
245 10 - MENCIÓN DEL TÍTULO
Título A las puertas de la Universidad
Resto del título : Curso de iniciación universitaria /
Mención de responsabilidad, etc. Jesús López Medel.
260 ## - PUBLICACIÓN, DISTRIBUCIÓN, ETC.
Lugar de publicación, distribución, etc. [Madrid] :
Nombre del editor, distribuidor, etc. Euramérica,
Fecha de publicación, distribución, etc. [1958] (
Fabricante Meri)
300 ## - DESCRIPCIÓN FÍSICA
Extensión 183 p ;
Dimensiones 19 cm.
490 1# - MENCIÓN DE SERIE
Mención de serie Cuadernos del C.E.U. ;
Designación de volumen o secuencia 2
650 14 - PUNTO DE ACCESO ADICIONAL DE MATERIA--TÉRMINO DE MATERIA
Término de materia o nombre geográfico como elemento de entrada Universidades-
Subdivisión geográfica España.
9 (RLIN) 17685
830 0# - PUNTO DE ACCESO ADICIONAL DE SERIE-TÍTULO UNIFORME
Título uniforme Cuadernos del C.E.U. ;
Designación de volumen o secuencia 2
9 (RLIN) 184967
852 ## - LOCALIZACIÓN
Ubicación ES-MaACL
Número de control de estantería C-15152
Sublocalización o colección R.42483
Holdings
Estatus retirado Estado de pérdida Estado de daño No para préstamo Biblioteca de origen Biblioteca actual Ubicación en estantería Fecha de adquisición Fuente de adquisición Total de préstamos Signatura topográfica completa Código de barras Visto por última vez Precio de reemplazo Tipo de ítem Koha
        Biblioteca del Ateneo de Madrid Biblioteca del Ateneo de Madrid Ficheros 17/01/2008     C-15152 1109801 23/02/2023 23/02/2023 Libro impreso